000 00451nam a22001697a 4500
003 OSt
005 20140310182450.0
008 130805t xxu||||| |||| 00| 0 eng d
020 _a9789713010704
050 _aRG 524
_b.Sy979 1983
100 _aSy, Manuel C.
_98029
245 _aObstetrics for midwives /
_cManuel C. Sy.
260 _aManila :
_bMerrian & Webster Inc.,
_cc1983.
300 _aviii.470 p. ;
942 _2lcc
_cSSLC
999 _c13660
_d13660